logo

Bir Sreshtho Munshi Abdur Rouf Library
Jhenaidah Cadet College

Constitutional law in American politics / (Record no. 5603)

MARC details
000 -LEADER
fixed length control field 00811cam a2200277 a 4500
001 - CONTROL NUMBER
JCCL Control Number 5603
003 - CONTROL NUMBER IDENTIFIER
JCCL marc code BD-JhCC
005 - DATE AND TIME OF LATEST TRANSACTION
control field 20171219093656.0
008 - FIXED-LENGTH DATA ELEMENTS--GENERAL INFORMATION
fixed length control field 831122s1984 cau b 001 0 eng
020 ## - INTERNATIONAL STANDARD BOOK NUMBER
International Standard Book Number 0534032443 :
Terms of availability $34.50
020 ## - INTERNATIONAL STANDARD BOOK NUMBER
International Standard Book Number 053032443
035 ## - SYSTEM CONTROL NUMBER
system control number (BD-JhCC)5603
040 ## - CATALOGING SOURCE
Original cataloging agency DLC
Transcribing agency DLC
Modifying agency DLC
041 ## - LANGUAGE CODE
Language code of Book eng
050 00 - LIBRARY OF CONGRESS CALL NUMBER
Classification number KF4549
Item number .S35 1984
082 00 - DEWEY DECIMAL CLASSIFICATION NUMBER
Classification number 342.73
DDC Edition number 19
Author mark and Year SCH 1984
100 1# - MAIN ENTRY--PERSONAL NAME
Personal name Schmidhauser, John R.
Fuller form of name (John Richard),
Dates associated with a name 1922-
245 10 - TITLE STATEMENT
Title Constitutional law in American politics /
Statement of responsibility, etc John R. Schmidhauser.
260 ## - PUBLICATION, DISTRIBUTION, ETC. (IMPRINT)
Place of publication, distribution, etc Monterey, Calif. :
Name of publisher, distributor, etc Brooks/Cole Pub. Co.,
Date of publication, distribution, etc c1984.
300 ## - PHYSICAL DESCRIPTION
Pagination xxv, 639 p. ;
Dimensions 24 cm.
500 ## - GENERAL NOTE
General note Includes index.
504 ## - BIBLIOGRAPHY, ETC. NOTE
Bibliography, etc Bibliography: p. 629-633.
650 #0 - SUBJECT ADDED ENTRY--TOPICAL TERM
Topical term or geographic name as entry element Constitutional law
Geographic subdivision United States
General subdivision Cases.
942 ## - ADDED ENTRY ELEMENTS (KOHA)
Source of classification or shelving scheme Dewey Decimal Classification
Koha item type Books
Holdings
Source of classification or shelving scheme Damaged status Not for loan Home library Current library Shelving location Total Checkouts Full call number Barcode Date last seen Copy number Koha item type
Dewey Decimal Classification     JCC Rouf Library JCC Rouf Library General Stacks   342.73 SCH 1984 7840 12/18/2017 C - 1 Books

JCC Library | Contacts | JCC Home

Last Update on 23 September 2017
Copyright @ 2017-2020 JCC Rouf Library
Rouf Library, Jhenidah Cadet College (JCC), Bangladesh